Normal view
MARC view
Entry Personal Name
001 - CONTROL NUMBER
- control field: 19314
003 - CONTROL NUMBER IDENTIFIER
- control field: ARRUPE
005 - DATE AND TIME OF LATEST TRANSACTION
- control field: 20150904123849.0
008 - FIXED-LENGTH DATA ELEMENTS
- fixed length control field: 150904|| aca||aabn | a|a d
040 ## - CATALOGING SOURCE
- Original cataloging agency: ARRUPE
- Transcribing agency: ARRUPE
100 ## - HEADING--PERSONAL NAME
- Personal name: Ionescu, Ghița.
670 ## - SOURCE DATA FOUND
- Source citation: Work cat.: (ARRUPE)0: Saint-Simon, Henri, comte de, 1760-1825. 19312, The political thought of Saint-Simon /, 1976.